Quizzes
Events
Quiz Creation
Community
Videos
Private Events
Remove Ads
Sign In
Join for FREE
Feedback
Dark Mode
Quiz Categories
Sports
Geography
Music
Movies
Television
Just For Fun
Miscellaneous
History
Literature
Language
Science
Gaming
Entertainment
Religion
Holiday
For Kids
Quiz Lab
Recent
Popular Today
Quiz Kudos Today
Editor Picks
Curator Picks
Quizzes by...
Day
Popularity
Type
Ratings
Length
Year
Community
Subscriptions
Recent Discussions
Orange Saloon
Badges
Playlists
Quests
Create
Leaderboards
Showdown
Live 5
Trivia Bingo
Activity
Puzzle Library
Sporcle Events
Private Events
Virtual Trivia
Globe League
Become a Host
Pub Owners
SporcleCon
Opinionation
Our Games
Videos
Blog
Mobile Apps
Partnerships
Remove Ads and Go Orange
Feedback
Miscellaneous
Crossword
General Knowledge
Baby Names
Logo
Food
Cars
Numbers
Grab Bag
University
College
Popular
Company
Slogans
Restaurants
Justice
Letter
Miscellaneous
Crossword
General Knowledge
Baby Names
Logo
Food
Cars
Numbers
Grab Bag
University
College
Popular
Company
Slogans
Restaurants
Justice
Letter
Random Quiz
Search Sporcle
×
Quiz Lab
Quiz Lab
Miscellaneous
Baby Names
Type in answers that appear in a list
Type in answers that appear in a list
Classic
Best Score? Go Orange.
All the Johns Stats
Can you name the All the Johns?
By
Oliphant
10m
64 Questions
70 Plays
70 Plays
70 Plays
Comments
Comments
Give Quiz Kudos
Give Quiz Kudos
-
- Ratings
hide this ad
More Info
Replay
Link that replays current quiz
Next Quiz
Link to next quiz in quiz playlist
You Got
0%
They Got
Avg Score
25%
Avg Friend Score
Upgrade to see
Score Distribution
Jump to the score distribution portion of the page
Score
0/64
Timer
10:00
0
Plays Today
Origin
Name
% Correct
Basque, Norwegian, Swedish
Jon
100%
English
John
97.1%
German, Dutch
Johan
78.6%
English
Johnn
74.3%
English
Johnny
71.4%
German
Johann
70%
Dutch, Eastern European
Jan
64.3%
Spanish
Juan
61.4%
French
Jean
60%
English
Johnnie
60%
German, Dutch
Johannes
55.7%
Irish
Sean
50%
Scottish Gaelic
Ian
44.3%
Russian/
Slavic
Ivan
44.3%
Italian
Giovanni
42.9%
English
Jack
38.6%
Irish
Shawn
37.1%
Italian
Gian
37.1%
Lithuanian
Jonas
37%
Italian
Gianni
34.3%
Irish
Shaun
31.4%
German, Dutch
Hans
27.1%
Romanian
Ion
26.1%
Irish
Shane
24.3%
Welsh
Evan
24.3%
Breton
Yann
23.9%
Scottish Gaelic
Iain
22.9%
Greek
Yanni
21.4%
Gaelic
Ewan
20%
Danish
Jens
20%
English
Jackie
17.1%
English
Johnie
17.1%
Origin
Name
% Correct
Spanish
Juanito
17.1%
Manx
Ean
14.3%
English
Jacky
11.4%
Estonian
Jaan
10.9%
Welsh
Sion
10.9%
Ethiopian, Indonesian
Yohannes
10.9%
Portuguese
Joao
10.9%
Italian
Gino
10.9%
Gaelic
Euan
10%
Dutch, German
Joannes
8.6%
German, Dutch
Hannes
7.1%
German
Hansel
7.1%
Polish
Iwan
7.1%
Russian/
Slavic
Ivann
7.1%
Gaelic
Eion
5.7%
Gaelic
Ewen
5.7%
Albanian
Gjon
4.3%
Arabic, Turkish
Yahya
4.3%
Galician
Xoan
4.3%
Gaelic
Eian
2.9%
Irish
Seann
2.9%
Albanian
Gjin
2.2%
Malayalam
Yohannan
2.2%
Irish
Shaughn
1.4%
German
Hansl
1.4%
Lithuanian
Dzonas
0%
Latvian
Dzons
0%
Czech
Honza
0%
Basque
Ibane
0%
Malayalam
Yonnachan
0%
Malayalam
Youhannon
0%
Belarusian
Yanka
0%
Quiz Playlist
Details
Report
Send in Message
Add To Playlist
More Info:
Name the variants of the name John. Different spellings and diminutives are treated as different names!
Classic:
Type in answers that appear in a list
Quiz Source
Last Updated: Feb 16, 2017
Quiz Scoreboard
CHALLENGE
Sign Up to Join the Scoreboard
Show All
Scores
Hide
Comments
May contain spoilers
Recently Published
College Basketball Coaching Resumes
by pancakes188
Sports
9m
Billboard Blitz: Fleetwood Mac
by CooCooCachoo
Music
15s
Presidents Visiting Landmarks
by Hejman
History
7m
More to Explore
Quiz From the Vault
Featured Blog Post
Where Did the Easter Bunny Come From?
hide this ad
You Might Also Like...
Tags
Baby Names Quiz
john
name
Today's Top Quizzes in Miscellaneous
Browse Miscellaneous
hide this ad
Today's Top Quizzes in Baby Names
Browse Baby Names
Top Contributed Quizzes in Miscellaneous
1
5-to-1: Fast Food
2
The JOE quick-fire general knowledge quiz: Day 174
3
The JOE quick-fire general knowledge quiz: Day 173
4
5-to-1: Cocktails
5
The JOE quick-fire general knowledge quiz: Day 172
6
Sunday Crossword: Famous Bodies of Water
7
The JOE quick-fire general knowledge quiz: Day 171
8
One Thing in Common: United Kingdom II
9
Named After an Animal - Odd One Out!
10
The JOE quick-fire quiz: Day 170
Explore More
Trending Topics
Crossword
Anime
NBA
Kpop
Harry Potter
Marvel
Disney
Song
Puzzle
Country
NFL
Pokémon
WWE
The Office
Soccer
hide this ad
More By:
Oliphant
Quiz
Plays
Rating
Category
Featured
Created
Herbs most commonly used in Italian Cooking
247
3.00
Just For Fun
Oct 20, 2012
Most Common Dutch words
179
4.50
Language
Sep 12, 2012
Six Languages Challenge (Euro)
73
3.00
Language
Sep 16, 2012
All the Johns
70
2.33
Miscellaneous
Sep 30, 2012
Go to Creator's Profile
Score Distribution
Quiz Creator Spotlight
Oliphant
Follow
Send a Message
Quizzes Created
-
Created Quiz Play Count
-
More By This Creator
Popular Quizzes Today
1
Find the US States - No Outlines Minefield
2
Find the Countries of Europe - No Outlines Minefield
3
The Countries of the World
4
Find the US States
5
Risky Map Clicking: Biggest States A-Z
6
US States
7
Popular People in 1961
8
Movies - When Are They Set?
More Miscellaneous Quizzes
Baby Girl Names: Rhyming Competition
Published
Trending Quizzes
Risky Map Clicking: Least Populous States A-Z
1-10 Letter G Words
1-10 Letter F Words
Risky Map Clicking: Next State Alphabetically
Click the Washington State Counties! (Map)
Recently Updated
Leaping Animals
pecheneg
Reality TV Shows (A-Z)
bhenderson79
Rickey Henderson's Hall of Fame Teammates
pecheneg
Champions League XIs: Arsenal
pecheneg
Quick Pick: Celebrities in WWE's Hall of Fame
aduchscher
A-Z Keypad Blitz II
pecheneg
Multiple Oscar Actors
pecheneg
Mystery Phrase Blitz: Oscar 'Best Actors'
pecheneg
F. Scott Fitzgerald Novels
LTH
Pick 3 Villains
ddd62291
Trending Topics
NBA
Harry Potter
Kpop
Crossword
Marvel
Disney
Anime
Song
Pokémon
Country
The Office
NFL
Puzzle
Soccer
WWE
Your Account Isn't Verified!
In order to create a playlist on Sporcle, you need to verify the email address you used during registration. Go to your
Sporcle Settings
to finish the process.
Report this User
Report this user for behavior that violates our
Community Guidelines
.
Details:
Send Report
Go to the Sporcle.com Mobile Site →
Comments